Gents 2025 Candidate Names - Statistics

General Stats
  • This quiz has been taken 177 times
  • The average score is 26 of 44
Answer Stats
Picture Answer % Correct
Victor Awo
93%
Bryan Langford
78%
Jack Grubbs
78%
Josiah Thomas
76%
Liam York
71%
Austin Heflin
69%
Christopher Kennedy
69%
Lazaro Sanchez
69%
Nathan Reep
69%
Adit Dayal
64%
John Diaz
64%
Logan Hall
64%
Tyler Propp
64%
Christopher Conger
62%
Luke Harris
62%
Xianliang Kong
62%
Brayden Allison
60%
Tanner Paul
60%
Thomas Payne
60%
Cameron Stone
58%
Jaxon Hullett
58%
Luke Brack
58%
Troy Meagher
58%
Tyler Stelmach
58%
Conner Guerrieri
56%
Dean Beeman
56%
Josh Coniff
56%
Nahom Habtamu
56%
Seth Schmeekle
56%
Daniil Nayda
53%
Lucas Perez
53%
Luke Dabliz
53%
Vinay Patel
53%
John Uzcategui
51%
Niekolas Robbins
49%
Ryan Gibson
49%
Shawn Marteeny
49%
Luis Medina Ramirez
47%
Nikhith Vasireddy
47%
Yeabtsega Aytenfisu
47%
Theodore Nemeth
44%
Evan Thomas Noriega
42%
Dylan Buksik Gensollen
38%
Philip Danaher
36%
No matching quizzes found
Score Distribution
Percent of People with Each Score
Percentile by Number Answered
Your Score History
You have not taken this quiz